Online
Catalog

Plan estratégico (PEPS) de Muchachos y Muchachas con Don Bosco : (Record no. 38119)

MARC details
000 -CABECERA
campo de control de longitud fija 00529nam a2200133 a 4500
001 - NÚMERO DE CONTROL
campo de control 000038629
005 - FECHA Y HORA DE LA ÚLTIMA TRANSACCIÓN
campo de control 20201002031320.0
008 - DATOS DE LONGITUD FIJA--INFORMACIÓN GENERAL
campo de control de longitud fija 130416s2004 dr ac 000 0 spa d
040 ## - FUENTE DE LA CATALOGACIÓN
Centro catalogador/agencia de origen DO-SdBNP
Lengua de catalogación spa
Centro/agencia transcriptor BNPHU
245 00 - MENCIÓN DE TÍTULO
Título Plan estratégico (PEPS) de Muchachos y Muchachas con Don Bosco :
Resto del título 2010-2015.
260 ## - PUBLICACIÓN, DISTRIBUCIÓN, ETC.
Lugar de publicación, distribución, etc. Santo Domingo :
Nombre del editor, distribuidor, etc. Muchachas y Muchachos con Don Bosco (MDB),
Fecha de publicación, distribución, etc. [20??].
300 ## - DESCRIPCIÓN FÍSICA
Extensión 116 p. :
Otras características físicas il.,retrs. ;
Dimensiones 28 cm.
500 ## - NOTA GENERAL
Nota general Planificamos con los niños, niñas y adolescentes para hacer de sus derechos una realidad
Holdings
Estado de retiro Estado de pérdida No para préstamo Código de colección Localización permanente Ubicación/localización actual Ubicación en estantería Fecha de adquisición Número de inventario Total de préstamos Signatura topográfica completa Código de barras Fecha visto por última vez Precio válido a partir de Tipo de ítem Koha
    Excluido de préstamo Patrimonio Dominicano Patrimonio Dominicano Patrimonio Dominicano Depósito 16.04.2013 LF1   38629-10 25.06.2020 25.06.2020 Libro y Folleto Colección Patrimonio Dominicano

Powered by Koha